| 000 | 00685nam a2200205 4500 | ||
|---|---|---|---|
| 001 | 108175 | ||
| 003 | ES-MaACL | ||
| 005 | 20230906184608.0 | ||
| 007 | t| | ||
| 008 | 061121s1977 sp r ||||1| spa d | ||
| 100 | 1 |
_aMolins y Fábrega, Narciso. _982021 |
|
| 245 | 1 | 3 |
_aLa insurreción proletaria de Asturias / _cNarciso Molins y Fábrega; traducción de Carmen García Ribas. |
| 260 |
_aMadrid : _bJúcar, _c1977. |
||
| 300 |
_a231 p. ; _c20 cm. |
||
| 490 | 1 |
_aCrónica general de España ; _vvol. 12 |
|
| 700 | 1 |
_aGarcía Ribas, Carmen. _955175 |
|
| 830 | 0 |
_aCrónica general de España ; _vvol. 12 _9181791 |
|
| 852 |
_aES-MaACL _jA-9139 _bR.97968 |
||
| 999 |
_c108175 _d108175 |
||